'B' Literature Quiz Stats

Quiz Updated Oct 14, 2012

Challenge
Share
Tweet
Embed
Score 0/20 Timer 05:00
0 Plays Today
Question Answer % Correct
Which character first appeared in the 1953 novel 'Casino Royale?'James Bond
88.6%
Who was the title hobbit in 'The Hobbit?'Bilbo Baggins
86.6%
Which English novelist, author of 'Jane Eyre,' wrote under the pen name Currer Bell?Charlotte Brontë
81.4%
Which Old English epic poem features the title character defeating the creature Grendel?Beowulf
70.2%
Who was the eponymous 'Prisoner of Azkaban,' in the Harry Potter novel?Sirius Black
70.2%
Robert Langdon appears in best-selling novels by which novelist?Dan Brown
64.8%
Which American novelist is most famous for his 1953 novel 'Fahrenheit 451?'Ray Bradbury
60.5%
Who created 'The Marvelous Land of Oz?'L. Frank Baum
58.7%
Who created Peter Pan, the boy who never ages?J.M. Barrie
58.2%
Who was the mysterious leader of Oceania in 'Nineteen Eighty-Four?'Big Brother
53.5%
Question Answer % Correct
Which Roald Dahl character befriends a little girl called Sophie, and lives on a diet of snozzcumbers?The BFG
50.7%
The ghost of which Macbeth character returns during a public feast?Banquo
39.8%
Which Anglo-Saxon monk and author is known as 'The Venerable?'Bede
32.2%
Which Charles Dickens novel features the characters Richard Carstone and John Jarndyce?Bleak House
31.8%
Which Evelyn Waugh novel of 1945 features the Oxford student Charles Ryder?Brideshead Revisited
30.5%
Which novel is set in 'The Year of Our Ford 632?'Brave New World
27.3%
Whose movements on June 16th 1904 are the central plot of James Joyce's 'Ulysses?'Leopold Bloom
21.5%
Who wrote the 1915 novel 'The Thirty-Nine Steps?'John Buchan
16.4%
Which Graham Greene novel follows the career of 17-year-old Pinkie?Brighton Rock
16.3%
Which novelist came to controversial prominence with 'The Wasp Factory' in 1984?Iain Banks
11.8%

You're not logged in!

Compare scores with friends on all Sporcle quizzes.
Join for Free
OR
Log In

You Might Also Like...

Show Comments

Extras

Top Quizzes Today


Score Distribution

Your Account Isn't Verified!

In order to create a playlist on Sporcle, you need to verify the email address you used during registration. Go to your Sporcle Settings to finish the process.

Report this User

Report this user for behavior that violates our Community Guidelines.

Details: